Enquetes preliminaries sur les systems viviriers dans trois zones heveicoles de basse Cote D'Ivoire: Anguededou, Dabou, Bonoua (Record no. 75397)

MARC details
000 -LEADER
fixed length control field 00351nam a22000977a 4500
100 ## - MAIN ENTRY--AUTHOR NAME
Personal name KELI, J.Z.
245 ## - TITLE STATEMENT
Title Enquetes preliminaries sur les systems viviriers dans trois zones heveicoles de basse Cote D'Ivoire: Anguededou, Dabou, Bonoua
260 ## - PUBLICATION, DISTRIBUTION, ETC. (IMPRINT)
Place of publication France
Name of publisher IRCA IInstitut de Recherches sur le Caoutchouc (CIRAD)
Year of publication 1988
300 ## - PHYSICAL DESCRIPTION
Number of Pages 38-47
942 ## - ADDED ENTRY ELEMENTS (KOHA)
Koha item type Reprints
Holdings
Withdrawn status Lost status Damaged status Not for loan Home library Current library Date acquired Koha item type
        RRII Library RRII Library 28/02/2025 Reprints